1527 1401 1351 1210 1085 1196 1164 1247 1057 1237 1163 1375 1594 1305 1832 1034 1771 1428 1594 1965 1556 1510 1369 1108 1921 1054 1780 1395 1287 1976 1037 1478 1446 1931 1544 1718 1056 1820 1985 1852 1274 1989 1335 1428 1083 1742 1414 1930 1125 1900 1756 1769 1846 1238 1517 1734 1997 1845 1106 1955 1677 1311 1916 1951 1101 1711 1467 1670 1068 1142 1999 1376 1599 1327 1493 1895 1979 1260 1446 1935 1060 1405 1125 1841 1984 1779 1859 1977 1375 1161 1586 1037 1262 1458 1508 1256 1038 1096 1736 BCNSPRNW ULIB Ver.6.0+V

เปลี่ยนเป็นภาษาไทย

Change to English
 แสดงรายละเอียดบรรณานุกรม
  กลับหน้าหลัก

Brief Record : Get Marc (ISO 2709) : E-mail record : QR code < ปิดหน้าต่าง
LEADER : 00000nam 2200000uu 4500
001    13399125604
003     ULIB
008    170706s2559||||th 000 0 tha d
020    ^a9789741959686
060 04 ^aQV737^bธ666s
100 0  ^aธีระพงษ์ ศรีศิลป์
245 10 ^aShort note pharmacotherapy โรคในร้านยา ฉบับปรับปรุง พ.ศ. 2559/^cเรียบเรียงโดย ธีระพงษ์ ศรีศิลป์
246 30 ^aโรคในร้านยา
250    ^aพิมพ์ครั้งที่ 1
260    ^aมหาสารคาม :^bคณะเภสัชศาสตร์ มหาวิทยาลัยมหาสารคาม,^c2559
300    ^a188 หน้า ;^c21 ซม.
650  2 ^aCommunity Pharmacy Services
650  2 ^aDrugs^xtherapeutic use
650  2 ^aDrug Therapy
650  4 ^aร้านขายยา
650  4 ^aโรค^xการรักษาด้วยยา
650  4 ^aการรักษาด้วยยา
650  4 ^aยา^xการใช้รักษา
710 2  ^aมหาวิทยาลัยมหาสารคาม.^bคณะเภสัชศาสตร์
945    ^p0^l0^i002538
945    ^p0^l0^i002539
945    ^p0^l0^i002540
999    ^aวรรณษา ชูชัยมงคล
รายการนี้ยังไม่มีแท็ก
คุณยังไม่ได้ล็อกอิน คุณสามารถมีกิจกรรมร่วมกับเว็บไซต์ได้ แต่ต้องล็อกอินก่อน ::
  ล็อกอิน

รายการสื่อสารสนเทศ

ลำดับที่ ประเภท เลขเรียก/บาร์โค้ด สถานที่ สถานะ
1. วิทยาศาสตร์การแพทย์ และสุขภาพ
วิทยาศาสตร์การแพทย์ และสุขภาพ
สถานะ=หนังสือเก่า
QV737 ธ666s ฉ.1 
  Barcode: 002538
ห้องสมุดวิทยาเขตสวรรค์ประชารักษ์
►ส่วนจัดเก็บหนังสือเก่า สปร
บนชั้น
  ขอยืม
2. วิทยาศาสตร์การแพทย์ และสุขภาพ
วิทยาศาสตร์การแพทย์ และสุขภาพ
สถานะ=หนังสือเก่า
QV737 ธ666s ฉ.2 
  Barcode: 002539
ห้องสมุดวิทยาเขตสวรรค์ประชารักษ์
►ส่วนจัดเก็บหนังสือเก่า สปร
บนชั้น
  ขอยืม
3. วิทยาศาสตร์การแพทย์ และสุขภาพ
วิทยาศาสตร์การแพทย์ และสุขภาพ
สถานะ=หนังสือเก่า
QV737 ธ666s ฉ.3 
  Barcode: 002540
ห้องสมุดวิทยาเขตสวรรค์ประชารักษ์
►ส่วนจัดเก็บหนังสือเก่า สปร
บนชั้น
  ขอยืม

รายการใกล้เคียง
    ผู้แต่ง [ธีระพงษ์ ศรีศิลป์]

    หัวเรื่อง [Community Pharmacy Services]
    หัวเรื่อง [Drug Therapy]
    หัวเรื่อง [ร้านขายยา]
    หัวเรื่อง [การรักษาด้วยยา]

BibComment


ยังไม่เคยถูกคอมเมนท์

คอมเมนท์ทรัพยากรรายการนี้
  คอมเมนท์: Short note pharm..


 Copyright 2026. Bcnsprnw @Library